[Event "ISR-chT (Women)"]
[Site "Tel Aviv"]
[Date "2021.10.30"]
[Round "5.15"]
[White "Yakovleva, Tatiana"]
[Black "Levitan, Liel"]
[Result "1-0"]
[WhiteElo "1906"]
[BlackElo "1250"]
[PlyCount "79"]
[EventDate "2021.10.28"]
[EventType "team-swiss"]
[EventRounds "5"]
[EventCountry "ISR"]
[SourceTitle "CBM 204 Extra"]
[Source "ChessBase"]
[SourceDate "2021.11.30"]
[SourceVersion "1"]
[SourceVersionDate "2021.11.30"]
[SourceQuality "1"]
[WhiteTeam "Herzliya (W)"]
[BlackTeam "Haifa Nesher (W) II"]
[WhiteTeamCountry "ISR"]
[BlackTeamCountry "ISR"]

1. d4 d5 2. c4 e6 3. Nf3 Nf6 4. Bg5 Be7 5. Nc3 0-0 6. e3 b6 7. cxd5 exd5 8. Ne5 Nbd7 9. Nc6 Qe8 10. Nxe7+ Qxe7 11. Nxd5 Qd6 12. Nxf6+ Nxf6 13. Bf4 Qd5 14. f3 Qc6 15. Rc1 Qe6 16. Bc4 Qe7 17. 0-0 Bb7 18. e4 c6 19. Re1 Rad8 20. Be3 h6 21. a3 Nd7 22. Qe2 Rfe8 23. Ba6 Ba8 24. Bc4 Nf8 25. b4 Ne6 26. Red1 b5 27. Ba2 Nc7 28. Rd3 Bb7 29. Qc2 Ra8 30. d5 Na6 31. dxc6 Rac8 32. Rd7 Qe5 33. Rxb7 Rc7 34. Rxc7 Qxc7 35. Bf2 Nb8 36. Bg3 Qc8 37. Bxb8 Qxb8 38. c7 Qc8 39. Qc6 Re7 40. Bd5 1-0

[Event "ISR-chT (Women)"]
[Site "Tel Aviv"]
[Date "2021.10.29"]
[Round "2.4"]
[White "Eden, Dana"]
[Black "Yakovleva, Tatiana"]
[Result "0-1"]
[WhiteElo "1136"]
[BlackElo "1906"]
[PlyCount "90"]
[EventDate "2021.10.28"]
[EventType "team-swiss"]
[EventRounds "5"]
[EventCountry "ISR"]
[SourceTitle "CBM 204 Extra"]
[Source "ChessBase"]
[SourceDate "2021.11.30"]
[SourceVersion "1"]
[SourceVersionDate "2021.11.30"]
[SourceQuality "1"]
[WhiteTeam "Kfar Saba (W)"]
[BlackTeam "Herzliya (W)"]
[WhiteTeamCountry "ISR"]
[BlackTeamCountry "ISR"]

1. e4 c6 2. d4 d5 3. Nc3 dxe4 4. Nxe4 Bf5 5. Ng3 Bg6 6. Nf3 Nd7 7. Be2 e6 8. 0-0 h6 9. c4 Ngf6 10. Bf4 Be7 11. Ne5 Bh7 12. Rc1 0-0 13. Qd2 Nxe5 14. Bxe5 Bg6 15. Rfd1 Rc8 16. Bf3 Qb6 17. a3 a5 18. Qc3 Rfd8 19. Rd2 Rd7 20. Rcd1 Rcd8 21. Qe3 a4 22. Ne4 Nxe4 23. Bxe4 Bh5 24. Rc1 Bg5 25. f4 Be7 26. c5 Qa5 27. Rf2 f6 28. Bd6 Bxd6 29. cxd6 Rxd6 30. Rc5 Qb6 31. Rxh5 Rxd4 32. Rf1 Qxb2 33. Bg6 Qa2 34. h3 Rd2 35. Qg3 f5 36. Kh2 R8d3 37. Rf3 Qxa3 38. Rxd3 Qxd3 39. Qh4 Qd8 40. Qe1 Qd5 41. Qg3 a3 42. Rxh6 Qxg2+ 43. Qxg2 Rxg2+ 44. Kxg2 gxh6 45. Bxf5 exf5 0-1

[Event "EU-Cup (Women) 24th"]
[Site "Ulcinj"]
[Date "2019.11.13"]
[Round "4.7"]
[White "Yakovleva, Tatiana"]
[Black "Koljevic, Nikolina"]
[Result "1-0"]
[WhiteElo "1942"]
[BlackElo "1902"]
[PlyCount "59"]
[EventDate "2019.11.10"]
[EventType "team-swiss"]
[EventRounds "7"]
[EventCountry "MNE"]
[SourceTitle "CBM 193 Extra"]
[Source "ChessBase"]
[SourceDate "2020.01.31"]
[SourceVersion "1"]
[SourceVersionDate "2020.01.31"]
[SourceQuality "1"]
[WhiteTeam "Herzliya (W)"]
[BlackTeam "MNE (W)"]
[WhiteTeamCountry "ISR"]
[BlackTeamCountry "MNE"]

1. d4 Nf6 2. c4 e6 3. Nf3 Bb4+ 4. Bd2 Qe7 5. Nc3 d5 6. c5 0-0 7. e3 b6 8. cxb6 axb6 9. a3 Bxc3 10. Bxc3 Ne4 11. Rc1 Bb7 12. Bd3 Nxc3 13. Rxc3 Rc8 14. 0-0 Na6 15. Qc2 f5 16. Rc1 c6 17. h3 Nb8 18. Ne5 Qd6 19. f4 Re8 20. g4 g6 21. g5 Kg7 22. Qe2 Rc8 23. Qc2 Re8 24. h4 Ra7 25. Qb3 b5 26. Qd1 b4 27. axb4 Qxb4 28. Rb3 Qd6 29. Ra1 Rxa1 30. Rxb7+ 1-0

[Event "EU-Cup (Women) 20th"]
[Site "Skopje"]
[Date "2015.10.23"]
[Round "6.2"]
[White "Popova, Natalija"]
[Black "Yakovleva, Tatiana"]
[Result "1/2-1/2"]
[WhiteElo "2257"]
[BlackElo "1966"]
[PlyCount "100"]
[EventDate "2015.10.18"]
[EventType "team-swiss"]
[EventRounds "7"]
[EventCountry "MKD"]
[SourceTitle "CBM 168 Extra"]
[Source "ChessBase"]
[SourceDate "2015.10.29"]
[SourceVersion "1"]
[SourceVersionDate "2015.10.29"]
[SourceQuality "1"]
[WhiteTeam "Bossa Nova (W)"]
[BlackTeam "Herzliya (W)"]
[WhiteTeamCountry "BLR"]
[BlackTeamCountry "ISR"]

1. e4 c6 2. d4 d5 3. Nc3 dxe4 4. Nxe4 Bf5 5. Ng3 Bg6 6. h4 h6 7. Nf3 e6 8. Ne5 Bh7 9. Qh5 Qc7 10. Bc4 Nf6 11. Qe2 Nd5 12. 0-0 Nd7 13. Bd2 N7f6 14. Bb3 Bd6 15. c4 Ne7 16. Bc3 0-0 17. Rfe1 a5 18. Rad1 a4 19. Bc2 Bxc2 20. Qxc2 b5 21. c5 Bxe5 22. dxe5 Nfd5 23. Bd4 Qd8 24. Qe4 Ng6 25. h5 Nge7 26. Qg4 Kh7 27. Qf3 Qd7 28. Ne4 Nf5 29. g4 Nxd4 30. Rxd4 Qe7 31. Qg3 f5 32. exf6 gxf6 33. Nd6 f5 34. Nxf5 Qf6 35. Rxd5 cxd5 36. Nd6 b4 37. c6 Ra7 38. c7 Raa8 39. Qd3+ Kg8 40. Qc2 Qf4 41. Qc5 Qxg4+ 42. Kf1 Qh3+ 43. Ke2 Qxh5+ 44. Kd2 Qg5+ 45. Kd1 Qg4+ 46. Re2 Qg1+ 47. Kd2 Qg5+ 48. Kd1 Qg1+ 49. Kd2 Qg5+ 50. Kd1 Qg1+ 1/2-1/2

[Event "EU-Cup (Women) 20th"]
[Site "Skopje"]
[Date "2015.10.20"]
[Round "3.2"]
[White "Chevannes, Sabrina"]
[Black "Yakovleva, Tatiana"]
[Result "1-0"]
[WhiteElo "2081"]
[BlackElo "1966"]
[PlyCount "37"]
[EventDate "2015.10.18"]
[EventType "team-swiss"]
[EventRounds "7"]
[EventCountry "MKD"]
[SourceTitle "CBM 168 Extra"]
[Source "ChessBase"]
[SourceDate "2015.10.29"]
[SourceVersion "1"]
[SourceVersionDate "2015.10.29"]
[SourceQuality "1"]
[WhiteTeam "Midland Monarchs (W)"]
[BlackTeam "Herzliya (W)"]
[WhiteTeamCountry "ENG"]
[BlackTeamCountry "ISR"]

1. e4 c6 2. c4 d5 3. cxd5 cxd5 4. exd5 Nf6 5. Bb5+ Bd7 6. Bc4 b5 7. Bb3 a5 8. a3 Na6 9. d4 a4 10. Ba2 b4 11. Bc4 b3 12. Qe2 Qb6 13. Nf3 Nc7 14. Nc3 Bg4 15. 0-0 e6 16. dxe6 fxe6 17. d5 Be7 18. Be3 Bc5 19. d6 1-0

[Event "ISR-chT 1415 (Women)"]
[Site "Beersheba"]
[Date "2015.06.13"]
[Round "5.2"]
[White "Aleksandrova, Aleksandra"]
[Black "Yakovleva, Tatiana"]
[Result "1/2-1/2"]
[WhiteElo "1936"]
[BlackElo "2001"]
[PlyCount "74"]
[EventDate "2015.06.11"]
[EventType "team-tourn"]
[EventRounds "5"]
[EventCountry "ISR"]
[SourceTitle "EXT 2016"]
[Source "ChessBase"]
[SourceDate "2015.10.08"]
[SourceVersion "1"]
[SourceVersionDate "2015.10.08"]
[SourceQuality "1"]
[WhiteTeam "Beer Sheva (W)"]
[BlackTeam "Herzliya (W)"]
[WhiteTeamCountry "ISR"]
[BlackTeamCountry "ISR"]

1. e4 c6 2. d4 d5 3. exd5 cxd5 4. Nf3 Bg4 5. Be2 Nf6 6. Ne5 Bxe2 7. Qxe2 Qa5+ 8. c3 Qa6 9. Qf3 e6 10. Bg5 Be7 11. Nd2 h6 12. Qh3 Nc6 13. f4 Ng8 14. Ndf3 Nxe5 15. Nxe5 Nf6 16. Bxf6 Bxf6 17. g4 Bxe5 18. fxe5 0-0-0 19. Rf1 Rdf8 20. Kd2 f6 21. Qd3 Qxd3+ 22. Kxd3 fxe5 23. dxe5 Kd7 24. h4 Ke7 25. Ke2 Rc8 26. Rf4 g5 27. Rb4 b6 28. a4 Rb8 29. a5 b5 30. a6 gxh4 31. Rh1 Rhg8 32. Rxh4 Rg6 33. Rh1 Rb6 34. Kf3 Rxa6 35. Rxb5 Ra4 36. Rb7+ Kf8 37. Rb8+ Kg7 1/2-1/2

[Event "ISR-chT 1415 (Women)"]
[Site "Beersheba"]
[Date "2015.06.12"]
[Round "3.2"]
[White "Reprun, Nadejda"]
[Black "Yakovleva, Tatiana"]
[Result "1/2-1/2"]
[WhiteElo "2010"]
[BlackElo "2001"]
[PlyCount "21"]
[EventDate "2015.06.11"]
[EventType "team-tourn"]
[EventRounds "5"]
[EventCountry "ISR"]
[SourceTitle "EXT 2016"]
[Source "ChessBase"]
[SourceDate "2015.10.08"]
[SourceVersion "1"]
[SourceVersionDate "2015.10.08"]
[SourceQuality "1"]
[WhiteTeam "Rishon Le Zion (W)"]
[BlackTeam "Herzliya (W)"]
[WhiteTeamCountry "ISR"]
[BlackTeamCountry "ISR"]

1. e4 c6 2. d4 d5 3. e5 Bf5 4. Nf3 e6 5. Be2 Nd7 6. 0-0 Ne7 7. Nbd2 c5 8. c3 Nc6 9. dxc5 Bxc5 10. Nb3 0-0 11. Nxc5 1/2-1/2

[Event "ISR-chT 1415 (Women)"]
[Site "Beersheba"]
[Date "2015.06.11"]
[Round "1.2"]
[White "Novik, Maya"]
[Black "Yakovleva, Tatiana"]
[Result "1/2-1/2"]
[WhiteElo "1557"]
[BlackElo "2001"]
[PlyCount "54"]
[EventDate "2015.06.11"]
[EventType "team-tourn"]
[EventRounds "5"]
[EventCountry "ISR"]
[SourceTitle "EXT 2016"]
[Source "ChessBase"]
[SourceDate "2015.10.08"]
[SourceVersion "1"]
[SourceVersionDate "2015.10.08"]
[SourceQuality "1"]
[WhiteTeam "Ashkelon (W)"]
[BlackTeam "Herzliya (W)"]
[WhiteTeamCountry "ISR"]
[BlackTeamCountry "ISR"]

1. d4 Nf6 2. c4 e6 3. Nc3 d5 4. cxd5 exd5 5. Bg5 Be7 6. e3 0-0 7. Bd3 h6 8. Bh4 c6 9. Nge2 Qc7 10. Qc2 Re8 11. Bxf6 Bxf6 12. Nxd5 Qa5+ 13. Ndc3 Na6 14. Qa4 Qxa4 15. Nxa4 Nb4 16. Bb1 Bg4 17. Nac3 Rad8 18. 0-0 Bxe2 19. Nxe2 c5 20. a3 Na6 21. dxc5 Bxb2 22. Ra2 Bf6 23. Rc2 Rc8 24. Rfc1 Red8 25. Ng3 Be7 26. c6 Rxc6 27. Rxc6 bxc6 1/2-1/2

[Event "EU-Cup (Women) 15th"]
[Site "Plovdiv"]
[Date "2010.10.22"]
[Round "6.3"]
[White "Yakovleva, Tatiana"]
[Black "Reppen, Ellisiv"]
[Result "1-0"]
[WhiteElo "2124"]
[BlackElo "1954"]
[PlyCount "80"]
[EventDate "2010.10.17"]
[EventType "team-swiss"]
[EventRounds "7"]
[EventCountry "BUL"]
[SourceTitle "CBM 138 Extra"]
[Source "ChessBase"]
[SourceDate "2010.10.29"]
[SourceVersion "1"]
[SourceVersionDate "2010.10.29"]
[SourceQuality "1"]
[WhiteTeam "Herzliya (W)"]
[BlackTeam "Oslo Schakselskap (W)"]
[WhiteTeamCountry "ISR"]
[BlackTeamCountry "NOR"]

1. d4 Nf6 2. c4 c5 3. e3 g6 4. Nf3 Bg7 5. Bd3 0-0 6. 0-0 b6 7. Nc3 d6 8. a3 Nbd7 9. Qc2 Re8 10. Rd1 cxd4 11. exd4 Bb7 12. Be2 Rc8 13. h3 d5 14. cxd5 Nxd5 15. Qb3 N7f6 16. Bc4 e6 17. Ne5 a6 18. Bg5 Nxc3 19. bxc3 b5 20. Bf1 Qc7 21. Rac1 Nh5 22. Nd3 Bd5 23. Qb4 Bf8 24. Qb2 Bd6 25. Qd2 Bxa3 26. Ra1 Bf8 27. Rxa6 Qxc3 28. Qxc3 Rxc3 29. g4 Ng7 30. Ne5 Rec8 31. Bd2 Rb3 32. Rb6 b4 33. Nd7 Be7 34. Nc5 Bf3 35. Rc1 Rb2 36. Nxe6 Re8 37. Nxg7 Kxg7 38. Be3 Bd8 39. Rb8 Rf8 40. d5 f6 1-0

[Event "EU-Cup (Women) 15th"]
[Site "Plovdiv"]
[Date "2010.10.21"]
[Round "5.3"]
[White "Yakovleva, Tatiana"]
[Black "Zaiatz, Elena"]
[Result "0-1"]
[WhiteElo "2124"]
[BlackElo "2407"]
[PlyCount "58"]
[EventDate "2010.10.17"]
[EventType "team-swiss"]
[EventRounds "7"]
[EventCountry "BUL"]
[SourceTitle "CBM 138 Extra"]
[Source "ChessBase"]
[SourceDate "2010.10.29"]
[SourceVersion "1"]
[SourceVersionDate "2010.10.29"]
[SourceQuality "1"]
[WhiteTeam "Herzliya (W)"]
[BlackTeam "Giprorechtrans (W)"]
[WhiteTeamCountry "ISR"]
[BlackTeamCountry "RUS"]

1. d4 Nf6 2. c4 e6 3. Nf3 d5 4. Bg5 Bb4+ 5. Nbd2 dxc4 6. Qa4+ Nc6 7. a3 Bxd2+ 8. Bxd2 Qd5 9. e3 b5 10. Qc2 Bb7 11. Be2 Ne4 12. 0-0 Nxd2 13. Qxd2 0-0 14. Rfc1 a6 15. b3 cxb3 16. Rc5 Qd6 17. Qc3 Rac8 18. Rc1 Nb8 19. Nd2 Nd7 20. Rxc7 b2 21. Rc2 Rxc7 22. Qxc7 Qd5 23. e4 Qa2 24. Bf1 Nf6 25. Qxb7 b1Q 26. Rxa2 Qxa2 27. Nf3 Ng4 28. h3 Qxf2+ 29. Kh1 Qxf1+ 0-1

[Event "ISR-ch (Women)"]
[Site "Jerusalem"]
[Date "1996.??.??"]
[Round "7"]
[White "Chervonenko, Irina"]
[Black "Yakovleva, Tatiana"]
[Result "1/2-1/2"]
[WhiteElo "2145"]
[BlackElo "2130"]
[PlyCount "33"]
[EventDate "1996.10.16"]
[EventType "tourn"]
[EventRounds "9"]
[EventCountry "ISR"]
[SourceTitle "CBM 055 Extra"]
[Source "ChessBase"]
[SourceDate "1997.01.01"]
[SourceVersion "1"]
[SourceVersionDate "1997.01.01"]
[SourceQuality "1"]

1. d4 Nf6 2. c4 e6 3. Nf3 d5 4. e3 b6 5. Nc3 Bb7 6. Be2 Nbd7 7. 0-0 dxc4 8. Bxc4 Be7 9. Re1 0-0 10. e4 Bb4 11. e5 Nd5 12. Qd3 Nxc3 13. bxc3 Be7 14. Bb3 Nc5 15. Qe2 Nxb3 16. axb3 a5 17. Ba3 1/2-1/2